000 00248 a2200109 4500
001 68600
040 _cAnchieta - Itaigara
240 1 0 _aConstruções do poder I
_l
245 1 0 _aConstruções do poder I
650 4 _aGeografia e viagens
942 _cMX
999 _c68600
_d68600